[Event "Elista-ch 8th"]
[Site "Elista"]
[Date "2010.07.08"]
[Round "8"]
[White "Seleev, Sanal"]
[Black "Utnasanov, Adyan"]
[Result "1-0"]
[WhiteElo "1789"]
[BlackElo "1983"]
[PlyCount "65"]
[EventDate "2010.07.01"]
[EventType "tourn"]
[EventRounds "11"]
[EventCountry "RUS"]
[SourceTitle "EXT 2022"]
[Source "ChessBase"]
[SourceDate "2021.10.06"]
[SourceVersion "1"]
[SourceVersionDate "2021.10.06"]
[SourceQuality "1"]

1. e4 e6 2. d4 d5 3. e5 b6 4. c3 Qd7 5. a4 Ba6 6. Bxa6 Nxa6 7. b4 Ne7 8. b5 Nb8 9. Qd3 Ng6 10. Ne2 c5 11. 0-0 Be7 12. f4 0-0 13. Nd2 a6 14. Bb2 axb5 15. axb5 Rxa1 16. Rxa1 c4 17. Qc2 Qxb5 18. Ra7 Nc6 19. Ra1 Na5 20. g4 Qd7 21. f5 Nh4 22. Rf1 f6 23. Nf4 exf5 24. e6 Qc6 25. gxf5 Bd6 26. Nf3 Nxf3+ 27. Rxf3 b5 28. Nh5 Kh8 29. Qg2 Rg8 30. Rh3 Nb3 31. Qg6 h6 32. Nxf6 gxf6 33. Rxh6# 1-0

[Event "Elista-ch 8th"]
[Site "Elista"]
[Date "2010.07.01"]
[Round "1"]
[White "Pataev, Adyan"]
[Black "Seleev, Sanal"]
[Result "0-1"]
[WhiteElo "1628"]
[BlackElo "1789"]
[PlyCount "76"]
[EventDate "2010.07.01"]
[EventType "tourn"]
[EventRounds "11"]
[EventCountry "RUS"]
[SourceTitle "EXT 2022"]
[Source "ChessBase"]
[SourceDate "2021.10.06"]
[SourceVersion "1"]
[SourceVersionDate "2021.10.06"]
[SourceQuality "1"]

1. e4 c5 2. Nf3 Nc6 3. d4 cxd4 4. Nxd4 e5 5. Nxc6 bxc6 6. Bc4 Ba6 7. Nd2 Bxc4 8. Nxc4 Qc7 9. Bd2 Nf6 10. Bc3 d6 11. Qd3 Nd7 12. Ba5 Nb6 13. Rd1 Rd8 14. 0-0 Be7 15. f4 exf4 16. Nxb6 axb6 17. Bc3 0-0 18. Rxf4 d5 19. Rg4 d4 20. Bxd4 Rxd4 21. Rxg7+ Kxg7 22. Qxd4+ Kg8 23. Kh1 Rd8 24. Qg1 Bc5 25. Rxd8+ Qxd8 26. Qe1 Qg5 27. b4 Qe3 28. Qxe3 Bxe3 29. g4 Kg7 30. Kg2 Kf6 31. Kf3 Bg1 32. h4 b5 33. Kf4 Bd4 34. g5+ Ke6 35. h5 Bc3 36. a3 Bb2 37. Kf3 Bxa3 38. g6 fxg6 0-1